[Event "USCL Miami vs Boston"]
[Site "Chess.com"]
[Date "2013.09.18"]
[Round "4"]
[White "Rodriguez, Eric"]
[Black "Shmelov, Denys"]
[Result "1-0"]
[WhiteElo "2348"]
[BlackElo "2465"]
[PlyCount "91"]
[EventDate "2013.??.??"]
[EventCountry "USA"]

{Board 3, FM Rodriguez (Miami Sharks) vs. SM Shmelov (Boston Blitz)  Time
Control: Game in 75 with 30 second increment} 1. e4 c6 2. d4 d5 3. e5 Bf5 4. h4
h5 5. Bg5 Qb6 6. Bd3 Bxd3 7. Qxd3 e6 8. Nd2 Qa6 9. c4 Bb4 10. b3 Ne7 11. Bxe7
Bxe7 12. Ngf3 Nd7 13. Qc2 Nb6 14. O-O dxc4 15. bxc4 c5 16. d5 exd5 17. e6 Rf8
18. Ne5 f5 19. cxd5 O-O-O 20. Ng6 Rfe8 21. Nxe7+ Rxe7 22. d6 Rxe6 23. Qxc5+ Kd7
24. Qc7+ Ke8 25. Rfe1 Re2 26. Nc4 Qxc4 27. Qxc4 Nxc4 28. Rxe2+ Kf8 29. Re7 Nxd6
30. Rc7 a5 31. a4 b5 32. axb5 Nxb5 33. Rc5 Nd6 34. Raxa5 Rd7 35. Rd5 Ke7 36. f3
Ke6 37. Kh2 g6 38. Kg3 Rb7 39. Rd1 Rb6 40. Ra7 Kf6 41. Rd2 Rc6 42. Rda2 Rc3 43.
R7a6 Rd3 44. Kf2 Ke5 45. Ke2 Rb3 46. f4+ 1-0

[Event "USCL Miami vs Boston"]
[Site "Chess.com"]
[Date "2013.09.18"]
[Round "4"]
[White "Mahoney, Michael"]
[Black "Mederos, Dennis"]
[Result "0-1"]
[WhiteElo "2040"]
[BlackElo "2058"]
[PlyCount "132"]
[EventDate "2013.??.??"]
[EventCountry "USA"]

{Board 4, Mahoney (Boston Blitz) vs. Mederos (Miami Sharks)  Time Control:
Game in 75 with 30 second increment} 1. e4 c5 2. Nf3 Nc6 3. d4 cxd4 4. Nxd4 g6
5. Nc3 Bg7 6. Be3 Nf6 7. Bc4 O-O 8. Bb3 a5 9. O-O Ng4 10. Qxg4 Bxd4 11. Bh6 Bg7
12. Bxg7 Kxg7 13. Rad1 d5 14. Qh4 d4 15. a4 e5 16. Qg3 Be6 17. Bxe6 fxe6 18.
Nb5 Qf6 19. Qb3 Qe7 20. Rd3 Rad8 21. Rh3 Rf4 22. Re1 Qc5 23. Nc7 Rd6 24. Ne8+
Kg8 25. Nxd6 Qxd6 26. Qxb7 Rf7 27. Qb6 Qb4 28. Qxb4 Nxb4 29. c3 Nc6 30. Rd3 Rb7
31. Rd2 Rb3 32. Rc1 Rb6 33. Kf1 Kf7 34. Ke2 Rb3 35. Kd1 Rb6 36. Kc2 Kf6 37. Ra1
Kg5 38. Ra3 Kf4 39. f3 Rb7 40. Rd3 Rc7 41. g3+ Kg5 42. Rd2 h5 43. Rb3 Kf6 44.
Kd3 g5 45. Rb5 Ke7 46. f4 gxf4 47. gxf4 dxc3 48. bxc3 exf4 49. Rxh5 Kf6 50. Rf2
Ne5+ 51. Kc2 f3 52. Rh6+ Kg5 53. Rxe6 Kf4 54. Rf1 Rc5 55. h4 Kg3 56. Rg1+ Kf4
57. h5 f2 58. Rf6+ Ke3 59. Rg3+ Ke2 60. Rg2 Nf3 61. h6 Ne1+ 62. Kb3 Nxg2 63. h7
Rh5 64. Kc4 Rxh7 65. Kb5 Rh5+ 66. Kc6 Ne3 0-1

[Event "USCL Connecticut vs St. Louis"]
[Site "Chess.com"]
[Date "2013.09.18"]
[Round "4"]
[White "Kannappan, Priyadharshan"]
[Black "Rohde, Michael"]
[Result "1-0"]
[WhiteElo "2508"]
[BlackElo "2548"]
[PlyCount "77"]
[EventDate "2013.??.??"]
[EventCountry "USA"]

{Board 2, IM Kannappan (St. Louis Arch Bishops) vs. GM Rohde (Connecticut
Dreadnoughts)  Time Control: Game in 75 with 30 second increment} 1. d4 Nf6 2.
c4 e6 3. Nf3 b6 4. e3 Bb7 5. Nbd2 c5 6. b3 cxd4 7. exd4 d6 8. Bb2 g6 9. g3 Bg7
10. Bg2 O-O 11. O-O Re8 12. Re1 a6 13. Nf1 b5 14. Ne3 Nbd7 15. Rc1 Nh5 16. Qd2
Ndf6 17. Qe2 bxc4 18. bxc4 Rb8 19. Red1 Bc6 20. Bc3 Ne4 21. Be1 Qb6 22. Rd3 Qb2
23. Rc2 Qb1 24. Nd2 Nxd2 25. Bxc6 Rec8 26. Bg2 Nxc4 27. Rxc4 Rxc4 28. Nxc4 Rc8
29. Ne3 Rc1 30. Rd1 Rxd1 31. Qxd1 Qxa2 32. d5 e5 33. Bf1 Nf6 34. Bc4 Qa3 35.
Qd3 Qa1 36. Qc3 Qa4 37. Qa5 Qxa5 38. Bxa5 Bh6 39. Bb4 1-0

[Event "USCL Connecticut vs St. Louis"]
[Site "Chess.com"]
[Date "2013.09.18"]
[Round "4"]
[White "Bonin, Jay"]
[Black "Neimer, Vitaly"]
[Result "1/2-1/2"]
[WhiteElo "2436"]
[BlackElo "2455"]
[PlyCount "68"]
[EventDate "2013.??.??"]
[EventCountry "USA"]

{Board 3, IM Bonin (Connecticut Dreadnoughts) vs. IM Neimer (St. Louis Arch
Bishops)  Time Control: Game in 75 with 30 second increment} 1. d4 Nf6 2. Nf3
e6 3. c4 b6 4. g3 Ba6 5. Nbd2 c5 6. Bg2 Nc6 7. dxc5 bxc5 8. O-O Be7 9. b3 O-O
10. Bb2 Qc7 11. Qb1 h6 12. Ne4 Nxe4 13. Qxe4 f5 14. Qe3 Rad8 15. Rfd1 Bb7 16.
Ne5 Nxe5 17. Bxe5 d6 18. Bxd6 Rxd6 19. Rxd6 Qxd6 20. Bxb7 Rd8 21. b4 Qb6 22.
Bd5 Kf7 23. Bf3 cxb4 24. Qb3 Qd4 25. Rb1 Bc5 26. e3 Qd3 27. Qb2 Qc3 28. Qxc3
bxc3 29. Rc1 Rd3 30. Rc2 Ke7 31. Kf1 Bb4 32. Ke2 Rd2+ 33. Rxd2 cxd2 34. c5 Bxc5
1/2-1/2

[Event "USCL Connecticut vs St. Louis"]
[Site "Chess.com"]
[Date "2013.09.18"]
[Round "4"]
[White "Wilkins, Jacob"]
[Black "Shi, Jason"]
[Result "1/2-1/2"]
[WhiteElo "1909"]
[BlackElo "2173"]
[PlyCount "111"]
[EventDate "2013.??.??"]
[EventCountry "USA"]

{Board 4, Wilkins (St. Louis Arch Bishops) vs. Shi (Connecticut Dreadnoughts) 
Time Control: Game in 75 with 30 second increment  Upset Prize winner (week 4).
} 1. d4 d5 2. Nf3 Nf6 3. c4 e6 4. e3 c6 5. cxd5 exd5 6. Be2 Bf5 7. O-O Nbd7 8.
Nbd2 Bd6 9. Re1 O-O 10. Nf1 h6 11. Ng3 Bh7 12. a3 a5 13. Bd2 a4 14. Bb4 Qe7 15.
Bxd6 Qxd6 16. Bd3 Ne4 17. Bxe4 dxe4 18. Nd2 Rfe8 19. b3 c5 20. Nc4 Qd5 21. dxc5
Qxd1 22. Rexd1 Nxc5 23. b4 Nd3 24. Rd2 Re6 25. Ne2 b5 26. Nb2 Rc8 27. Nd4 Re5
28. h3 Bg6 29. f4 Rd5 30. Nd1 Nxf4 31. exf4 Rcd8 32. Nc3 Rxd4 33. Rxd4 Rxd4 34.
Nxb5 Rd3 35. Re1 f5 36. Kf2 Be8 37. Nc7 Bc6 38. Re3 Rb3 39. Ne6 g5 40. Nd4 gxf4
41. Rxb3 axb3 42. Nxb3 e3+ 43. Kf1 Kf7 44. Nd4 Be4 45. Nf3 Ke6 46. a4 Kd5 47.
Nh4 Kc4 48. Ng6 Kxb4 49. Nxf4 Kxa4 50. Ke2 Kb4 51. Kxe3 Kc5 52. h4 Kd6 53. g3
Ke5 54. Ne2 Bd5 55. Nf4 Be4 56. Ne2 1/2-1/2

[Event "USCL Miami vs Dallas"]
[Site "Chess.com"]
[Date "2013.09.25"]
[Round "5"]
[White "Becerra, Julio"]
[Black "Holt, Conrad"]
[Result "1/2-1/2"]
[WhiteElo "2619"]
[BlackElo "2639"]
[PlyCount "91"]
[EventDate "2013.??.??"]
[EventCountry "USA"]

{Board 1, GM Becerra (Miami Sharks) vs. GM Holt (Dallas Destiny)  Time Control:
Game in 75 with 30 second increment} 1. e4 e6 2. d4 d5 3. Nc3 Bb4 4. e5 Ne7 5.
a3 Bxc3+ 6. bxc3 c5 7. Qg4 O-O 8. Bd3 Nbc6 9. Nf3 f5 10. Qg3 Qa5 11. Bd2 c4 12.
Be2 Bd7 13. O-O f4 14. Qg4 Rf5 15. Rfb1 b6 16. a4 Raf8 17. h4 h6 18. Qh3 Be8
19. Kf1 Bh5 20. Ke1 Qa6 21. Ng1 Bxe2 22. Kxe2 Qc8 23. Nf3 Qe8 24. Bc1 Qg6 25.
Ba3 R8f7 26. Bb4 Rh5 27. Kd2 Nxb4 28. cxb4 Nc6 29. Ra3 Rc7 30. b5 Na5 31. Rc3
Rf7 32. Rh1 Kf8 33. Ng1 Ke7 34. Ne2 Rhf5 35. h5 Qg5 36. f3 Kd7 37. Qh4 Ke8 38.
Ke1 Kf8 39. Kf2 Kg8 40. Ra3 Kh7 41. Nc3 Nb7 42. Raa1 Rf8 43. Rab1 R8f7 44. Ra1
Rf8 45. Rab1 R8f7 46. Ra1 1/2-1/2

[Event "USCL Miami vs Dallas"]
[Site "Chess.com"]
[Date "2013.09.25"]
[Round "5"]
[White "Margvelashvili, Giorgi"]
[Black "Martinez, Marcel"]
[Result "1-0"]
[WhiteElo "2588"]
[BlackElo "2475"]
[PlyCount "73"]
[EventDate "2013.??.??"]
[EventCountry "USA"]

{Board 2, GM Margvelashvili (Dallas Destiny) vs. FM Martinez (Miami Sharks) 
Time Control: Game in 75 with 30 second increment} 1. Nf3 g6 2. e4 Bg7 3. d4 c6
4. h3 d5 5. exd5 cxd5 6. Bd3 Nc6 7. c3 Nh6 8. O-O Qc7 9. Re1 O-O 10. Na3 a6 11.
Nc2 Bf5 12. Bg5 Bxd3 13. Qxd3 e6 14. Ne3 Nf5 15. Nxf5 exf5 16. Qd2 Rfe8 17. Bh6
Bf6 18. Bf4 Qa5 19. Ne5 Re6 20. Nd7 Rxe1+ 21. Rxe1 Bg7 22. Qe3 Qd8 23. Nc5 Qc8
24. Na4 Qd8 25. Bg5 Bf6 26. Bxf6 Qxf6 27. Nc5 Kg7 28. Qe2 Ra7 29. Qe8 Qd6 30.
h4 Kh6 31. Qxf7 b6 32. Qe6 Qxe6 33. Nxe6 Re7 34. Kf1 Na5 35. Nf4 Rd7 36. b3 Nb7
37. Re5 1-0

[Event "USCL Miami vs Dallas"]
[Site "Chess.com"]
[Date "2013.09.25"]
[Round "5"]
[White "Rodriguez, Eric"]
[Black "Li, Ruifeng"]
[Result "0-1"]
[WhiteElo "2348"]
[BlackElo "2348"]
[PlyCount "158"]
[EventDate "2013.??.??"]
[EventCountry "USA"]

{Board 3, FM Rodriguez (Miami Sharks) vs. NM Li (Dallas Destiny)  Time Control:
Game in 75 with 30 second increment} 1. e4 c5 2. c3 e6 3. d4 cxd4 4. cxd4 d5 5.
e5 Nc6 6. Nf3 Nge7 7. Bd3 Nf5 8. Bxf5 exf5 9. Nc3 Be6 10. Ne2 Be7 11. Nf4 Qb6
12. O-O h6 13. h4 g6 14. Be3 O-O-O 15. Qd2 Rdg8 16. Nxe6 fxe6 17. Bxh6 g5 18.
Bxg5 Bxg5 19. hxg5 Qc7 20. Rfc1 Qh7 21. Kf1 Qh1+ 22. Ke2 Qxg2 23. Rg1 Qh3 24.
Rac1 Kb8 25. Qc3 f4 26. Qd3 Nb4 27. Qb1 Qh5 28. Rh1 Qe8 29. a3 Qb5+ 30. Kd2 Nc6
31. b4 a5 32. Qd3 Qxd3+ 33. Kxd3 axb4 34. axb4 Nxb4+ 35. Kd2 Nc6 36. Rb1 Kc7
37. Rhc1 Ra8 38. Rb2 Ra3 39. Ke2 Rh3 40. g6 Raxf3 41. g7 Rfg3 42. fxg3 Rxg3 43.
g8=Q Rxg8 44. Kf3 Rg3+ 45. Kxf4 Rd3 46. Kg5 Rxd4 47. Kf6 Re4 48. Rb3 Re2 49.
Rb5 Rxe5 50. Rcb1 Rf5+ 51. Kg6 Nd8 52. Rc1+ Kd7 53. Rb6 Rf2 54. Kg5 Rf5+ 55.
Kg4 Rf2 56. Kg3 Rf5 57. Kg4 Re5 58. Kf4 Re4+ 59. Kf3 Ra4 60. Ke3 Ra6 61. Rxa6
bxa6 62. Ra1 Nc6 63. Rxa6 Kd6 64. Ra8 e5 65. Rh8 Kc5 66. Rh5 Na5 67. Kd3 Nc4
68. Kc3 e4 69. Rg5 Nd6 70. Rh5 Nb5+ 71. Kd2 Kc4 72. Ke3 Nc3 73. Kd2 d4 74. Rh3
Nd5 75. Rh4 e3+ 76. Ke2 Kc3 77. Rh2 d3+ 78. Kd1 Nf4 79. Rd2 e2+ 0-1

[Event "USCL Miami vs Dallas"]
[Site "Chess.com"]
[Date "2013.09.25"]
[Round "5"]
[White "Guenther, Travis"]
[Black "Mederos, Dennis"]
[Result "0-1"]
[WhiteElo "1963"]
[BlackElo "2058"]
[PlyCount "154"]
[EventDate "2013.??.??"]
[EventCountry "USA"]

{Board 4, Guenther (Dallas Destiny) vs. Mederos (Miami Sharks)  Time Control:
Game in 75 with 30 second increment} 1. d4 Nf6 2. c4 c5 3. d5 e5 4. Nc3 d6 5.
e4 Be7 6. Nf3 O-O 7. Be2 Ne8 8. O-O g6 9. Ne1 Bg5 10. Nd3 Nd7 11. a3 a6 12. b4
b6 13. g3 Bxc1 14. Qxc1 Ng7 15. Rb1 f5 16. f3 f4 17. g4 h5 18. h3 Qh4 19. Rf2
Kf7 20. Qf1 Rh8 21. Rh2 hxg4 22. fxg4 Nf6 23. Qf2 Qxf2+ 24. Nxf2 g5 25. bxc5
bxc5 26. Rb6 Ke7 27. Kg2 Bd7 28. Rh1 Rhb8 29. Rhb1 Rxb6 30. Rxb6 Nge8 31. Nd3
Kd8 32. Ne1 Kc7 33. Rb2 Nh7 34. Nf3 Nef6 35. Bd1 Rb8 36. Rxb8 Kxb8 37. Be2 Kc7
38. Bd3 Kb6 39. Bc2 Kc7 40. Bd3 Ng8 41. Kf2 Ne7 42. Ke2 Ng6 43. Bc2 Kb6 44. Kf2
Ka5 45. Ke2 Ne7 46. Kd2 Nc8 47. Bb3 Nb6 48. Kc2 Nc8 49. Kd2 Ne7 50. Ke2 Ng6 51.
Kf2 Be8 52. Bc2 Nh4 53. Bb3 Bd7 54. Bc2 Nxf3 55. Kxf3 Nf8 56. Bb3 Ng6 57. Bc2
Ne7 58. Bd1 Kb6 59. Bc2 Kc7 60. Bb3 Nc8 61. Bc2 Nb6 62. Bb3 Kd8 63. Kf2 Ke7 64.
Kf3 Kf6 65. Kf2 a5 66. a4 Na8 67. Nb5 Ke7 68. Kf3 Nb6 69. Kf2 Bxb5 70. cxb5 c4
71. Bc2 c3 72. Bb3 Nc4 73. Bc2 Na3 74. Bb3 c2 75. Bxc2 Nxc2 76. b6 Nb4 77. b7
Na6 0-1

[Event "USCL St. Louis vs Carolina"]
[Site "Chess.com"]
[Date "2013.09.25"]
[Round "5"]
[White "Mo, Kevin"]
[Black "Kannappan, Priyadharshan"]
[Result "0-1"]
[WhiteElo "2337"]
[BlackElo "2508"]
[PlyCount "78"]
[EventDate "2013.??.??"]
[EventCountry "USA"]

{Board 2, NM Mo (Carolina Cobras) vs. IM Kannappan (St. Louis Arch Bishops) 
Time Control: Game in 75 with 30 second increment} 1. c4 c5 2. Nf3 Nc6 3. d4
cxd4 4. Nxd4 Nf6 5. Nc3 e6 6. a3 Be7 7. Bf4 d5 8. e3 O-O 9. cxd5 Nxd5 10. Nxd5
Qxd5 11. Nb5 Qxd1+ 12. Rxd1 e5 13. Bg3 Rd8 14. Rxd8+ Bxd8 15. Nd6 Ba5+ 16. Ke2
Bc7 17. Nxc8 Rxc8 18. Kd2 e4 19. Bb5 Na5 20. Rd1 Bxg3 21. hxg3 g6 22. b4 Nb3+
23. Ke1 a6 24. Rb1 Nc1 25. Bf1 Rc2 26. f3 Nd3+ 27. Bxd3 exd3 28. Rb3 Re2+ 29.
Kd1 Rxg2 30. Rxd3 Rxg3 31. Rd7 Rxf3 32. Ke2 Rf6 33. Rxb7 h5 34. a4 h4 35. Rd7
h3 36. Rd1 Rb6 37. b5 axb5 38. Rb1 h2 39. axb5 Rxb5 0-1

[Event "USCL St. Louis vs Carolina"]
[Site "Chess.com"]
[Date "2013.09.25"]
[Round "5"]
[White "Hendrickson, Nolan"]
[Black "Garcia, Diego"]
[Result "0-1"]
[WhiteElo "2243"]
[BlackElo "2264"]
[PlyCount "92"]
[EventDate "2013.??.??"]
[EventCountry "USA"]

{Board 3, NM Hendrickson (St. Louis Arch Bishops) vs. NM Garcia (Carolina
Cobras)  Time Control: Game in 75 with 30 second increment} 1. e4 c5 2. Nc3 Nc6
3. f4 g6 4. Nf3 Bg7 5. Bb5 Nd4 6. O-O a6 7. Bc4 e6 8. d3 Ne7 9. Nxd4 cxd4 10.
Ne2 d5 11. Bb3 dxe4 12. dxe4 O-O 13. Ng3 b5 14. Bd2 a5 15. a4 b4 16. Qf3 Bb7
17. Rad1 Nf5 18. Bc1 Qb6 19. Rfe1 d3+ 20. Kh1 dxc2 21. Bxc2 Nd4 22. Qf2 b3 23.
Bb1 Qb4 24. Bd2 Qxa4 25. Bc3 Nc2 26. Bxg7 Kxg7 27. Re2 Rfd8 28. Red2 Rxd2 29.
Qxd2 Bxe4 30. Qc3+ Kg8 31. Qe5 Bd5 32. h4 Qb4 33. h5 Qb8 34. Rxd5 exd5 35. Qxd5
Qd8 36. Qxb3 Nd4 37. Qe3 Qh4+ 38. Kg1 Qxg3 39. Qxd4 Re8 40. Bd3 Qe1+ 41. Kh2
Qh4+ 42. Kg1 Qxh5 43. Be4 Qe2 44. Bd5 Qe3+ 45. Qxe3 Rxe3 46. Kf2 Rd3 0-1

[Event "USCL St. Louis vs Carolina"]
[Site "Chess.com"]
[Date "2013.09.25"]
[Round "5"]
[White "Mu, Joshua"]
[Black "Stuart, Zach"]
[Result "1-0"]
[WhiteElo "2270"]
[BlackElo "2057"]
[PlyCount "59"]
[EventDate "2013.??.??"]
[EventCountry "USA"]

{Board 4, NM Mu (Carolina Cobras) vs. Stuart (St. Louis Arch Bishops)  Time
Control: Game in 75 with 30 second increment} 1. e4 e5 2. Nf3 Nc6 3. d4 exd4 4.
Bc4 Nf6 5. e5 Ne4 6. O-O Be7 7. Bd5 Nc5 8. Nxd4 Nxd4 9. Qxd4 O-O 10. Rd1 d6 11.
Bf4 Ne6 12. Bxe6 Bxe6 13. exd6 cxd6 14. Nc3 Bf6 15. Qb4 Bxc3 16. bxc3 b6 17.
Rxd6 Qf6 18. Re1 Rfd8 19. Be5 Qg6 20. Rxd8+ Rxd8 21. Qe7 Ra8 22. Bd4 h6 23. Qb7
Rd8 24. Qxa7 Bd5 25. g3 Qg4 26. Qxb6 Rc8 27. Qa6 Rc4 28. f3 Qxf3 29. Re8+ Kh7
30. Rh8+ 1-0

[Event "USCL Seattle vs San Francisco"]
[Site "Chess.com"]
[Date "2013.09.25"]
[Round "5"]
[White "Gareev, Timur"]
[Black "Bhat, Vinay"]
[Result "1/2-1/2"]
[WhiteElo "2768"]
[BlackElo "2555"]
[PlyCount "65"]
[EventDate "2013.??.??"]
[EventCountry "USA"]

{Board 1, GM Gareev (Seattle Sluggers) vs. GM Bhat (San Francisco Mechanics) 
Time Control: Game in 75 with 30 second increment  Due to a lineup change, on
Board Two San Francisco will begin with 84 minutes while Seattle will begin
with 66.} 1. d4 d5 2. c4 e6 3. Nc3 c6 4. Nf3 Nf6 5. Qd3 dxc4 6. Qxc4 b5 7. Qd3
Nbd7 8. g3 Bb7 9. Bg2 a6 10. Ng5 Be7 11. O-O Nd5 12. Nge4 O-O 13. Rd1 h6 14. a3
a5 15. Bf4 Nxf4 16. gxf4 Qb8 17. e3 Rd8 18. Qc2 Qa7 19. Ng3 Qb6 20. f5 e5 21.
dxe5 Nxe5 22. Qe4 f6 23. Rxd8+ Qxd8 24. Rd1 Qc7 25. Nxb5 cxb5 26. Qxb7 Qxb7 27.
Bxb7 Rd8 28. Bd5+ Kh7 29. e4 Rc8 30. f4 Ng4 31. Re1 Bd6 32. e5 fxe5 33. Ne4
1/2-1/2

[Event "USCL Los Angeles vs Arizona"]
[Site "Chess.com"]
[Date "2013.09.25"]
[Round "5"]
[White "Mateer, Amanda"]
[Black "Amerkeshev, Madiyar"]
[Result "1/2-1/2"]
[WhiteElo "2113"]
[BlackElo "2328"]
[PlyCount "78"]
[EventDate "2013.??.??"]
[EventCountry "USA"]

{Board 4, WFM Mateer (Arizona Scorpions) vs. NM Amerkeshev (Los Angeles Vibe) 
Time Control: Game in 75 with 30 second increment} 1. d4 Nf6 2. c4 e6 3. Nf3
Bb4+ 4. Bd2 c5 5. Bxb4 cxb4 6. g3 b6 7. Bg2 Bb7 8. O-O O-O 9. a3 Qe7 10. axb4
Qxb4 11. b3 d5 12. Ne5 Nbd7 13. Ra4 Qe7 14. Nc3 a6 15. Qa1 Rfc8 16. Rd1 Qd6 17.
f4 h5 18. Bf3 g6 19. b4 Qc7 20. c5 bxc5 21. bxc5 Nxc5 22. Nxd5 Bxd5 23. dxc5
Qxc5+ 24. Kh1 Bxf3+ 25. exf3 Nd5 26. Rxa6 Rxa6 27. Qxa6 h4 28. Nxg6 h3 29. Nh4
Ne3 30. Re1 Qc2 31. Qa5 Nf5 32. Rg1 Qf2 33. Qe1 Qxe1 34. Rxe1 Nxh4 35. gxh4 Kg7
36. Rg1+ Kh6 37. Rg3 Rc1+ 38. Rg1 Rc4 39. Rg3 Rc1+ 1/2-1/2

[Event "USCL Seattle vs San Francisco"]
[Site "Chess.com"]
[Date "2013.09.25"]
[Round "5"]
[White "Naroditsky, Daniel"]
[Black "Anka, Emil"]
[Result "0-1"]
[WhiteElo "2570"]
[BlackElo "2497"]
[PlyCount "98"]
[EventDate "2013.??.??"]
[EventCountry "USA"]

{Board 2, IM Naroditsky (San Francisco Mechanics) vs. GM Anka (Seattle
Sluggers)  Time Control: Game in 75 with 30 second increment  Due to a lineup
change, on Board Two San Francisco will begin with 84 minutes while Seattle
will begin with 66.} 1. e4 c5 2. Nf3 Nc6 3. Bb5 g6 4. O-O Bg7 5. c3 Nf6 6. e5
Nd5 7. d4 cxd4 8. cxd4 O-O 9. Nc3 Nc7 10. Bf4 Nxb5 11. Nxb5 a6 12. Nc3 d6 13.
exd6 Bg4 14. dxe7 Qxe7 15. d5 Nd4 16. d6 Qd7 17. Qxd4 Bxd4 18. Nxd4 f6 19. f3
Be6 20. Rfe1 Rfe8 21. Ne4 Qf7 22. Rac1 Bd7 23. Rc7 Rad8 24. Rxd7 Rxd7 25. Nxf6+
Qxf6 26. Rxe8+ Kf7 27. Re4 Qd8 28. h3 Qa5 29. a3 Qd5 30. Ne6 Qxe6 31. Rxe6 Kxe6
32. Kf2 Rf7 33. Ke3 Rf5 34. Ke4 Rc5 35. Kd3 g5 36. Bh2 Rc1 37. Kd2 Rh1 38. Be5
Rg1 39. g3 Rh1 40. f4 gxf4 41. Bxf4 Rxh3 42. b4 Rh2+ 43. Kc3 Ra2 44. Kb3 Rf2
45. b5 axb5 46. Kb4 h5 47. Kxb5 h4 48. Kb6 h3 49. Kc7 Rc2+ 0-1

[Event "USCL Los Angeles vs Arizona"]
[Site "Chess.com"]
[Date "2013.09.25"]
[Round "5"]
[White "Duckworth, Mark"]
[Black "Mohandesi, Shahin"]
[Result "1/2-1/2"]
[WhiteElo "2316"]
[BlackElo "2389"]
[PlyCount "123"]
[EventDate "2013.??.??"]
[EventCountry "USA"]

{Board 3, FM Duckworth (Los Angeles Vibe) vs. IM Mohandesi (Arizona Scorpions)
Time Control: Game in 75 with 30 second increment} 1. d4 d5 2. Bg5 c6 3. Nc3
Qb6 4. Rb1 Bf5 5. e3 Nd7 6. Bd3 Bg6 7. Nf3 Ngf6 8. O-O e6 9. Bxf6 gxf6 10. Re1
O-O-O 11. b4 Qc7 12. Na4 e5 13. Be2 Bd6 14. g3 h5 15. Nh4 Nb6 16. Nxb6+ axb6
17. Bf1 Qd7 18. a4 Kc7 19. Rb2 Ra8 20. c3 Ra7 21. Qb3 Qe6 22. c4 exd4 23. cxd5
cxd5 24. Rc1+ Kb8 25. exd4 Qe4 26. Rd1 Rd8 27. Bb5 Qg4 28. Rbd2 Qg5 29. Re2 Ra8
30. Rde1 Ka7 31. Qa3 Be4 32. f3 Bxg3 33. hxg3 Qxg3+ 34. Ng2 h4 35. Qe3 Bxf3 36.
Rf2 Be4 37. Qxg3 hxg3 38. Rxf6 Rac8 39. Re3 Rc1+ 40. Bf1 Rb1 41. b5 Rb4 42.
Rxg3 Rxd4 43. a5 bxa5 44. b6+ Kb8 45. Rxf7 Rb4 46. Rf6 d4 47. Nf4 Bc6 48. Ne6
Rh8 49. Bg2 Bxg2 50. Kxg2 Rxb6 51. Rgf3 Rd6 52. Nc5 Rxf6 53. Rxf6 Rd8 54. Kf2
Rd5 55. Nd3 a4 56. Ke2 a3 57. Kd2 Ra5 58. Rf1 a2 59. Ra1 Kc7 60. Nc1 Kd6 61.
Rxa2 Rxa2+ 62. Nxa2 1/2-1/2

[Event "USCL Seattle vs San Francisco"]
[Site "Chess.com"]
[Date "2013.09.25"]
[Round "5"]
[White "Sang, Tian"]
[Black "Wheeler, Cameron"]
[Result "1-0"]
[WhiteElo "2324"]
[BlackElo "2259"]
[PlyCount "185"]
[EventDate "2013.??.??"]
[EventCountry "USA"]

{Board 3, FM Sang (Seattle Sluggers) vs. FM Wheeler (San Francisco Mechanics) 
Time Control: Game in 75 with 30 second increment  Due to a lineup change, on
Board Two San Francisco will begin with 84 minutes while Seattle will begin
with 66.} 1. e4 e6 2. d4 d5 3. Nc3 Nf6 4. Bg5 Be7 5. e5 Nfd7 6. h4 Nc6 7. Nf3
a6 8. Qd2 h6 9. Bxe7 Qxe7 10. O-O-O Nb6 11. Rh3 Bd7 12. Rg3 Qf8 13. Ne2 O-O-O
14. Nf4 Ne7 15. Nh5 Nf5 16. Rh3 Kb8 17. Bd3 Nc4 18. Qc3 b5 19. Bxf5 exf5 20.
Rg3 b4 21. Qe1 Rg8 22. Nf4 Be6 23. h5 a5 24. Nd2 c6 25. Nb3 Bc8 26. Nc5 Qe7 27.
b3 Nb6 28. c3 bxc3 29. Qxc3 Qa7 30. Re1 Nd7 31. Na4 Nb6 32. Nc5 Nd7 33. Nxd7+
Bxd7 34. e6 fxe6 35. Nxe6 Rde8 36. Nc5 Rxe1+ 37. Qxe1 Re8 38. Qd2 Re7 39. Qf4+
Kc8 40. Qd6 Be8 41. Re3 Rxe3 42. fxe3 Qf7 43. Na6 Kb7 44. Nc5+ Kc8 45. Ne6 Qd7
46. Qe5 Bxh5 47. Qxf5 Bf7 48. Nxg7 Qxf5 49. Nxf5 Be6 50. Nxh6 Kd7 51. g4 Ke7
52. Nf5+ Kf6 53. Nd6 Bxg4 54. Nb7 Ke7 55. Nxa5 Kd7 56. Nb7 Kc7 57. Nc5 Kb6 58.
Kb2 Ka5 59. Kc3 Be2 60. Ne6 Bg4 61. Nc5 Be2 62. Kd2 Bg4 63. a3 Kb5 64. Ke1 Kb6
65. Kf2 Kc7 66. Kg3 Be2 67. Kf4 Kd6 68. Kf5 Bf1 69. Kf6 Be2 70. Kf7 Bh5+ 71.
Kf8 Bg6 72. a4 Bh5 73. b4 Bg4 74. Ke8 Kc7 75. Ke7 Be2 76. Ne6+ Kb6 77. Kd6 Bd1
78. Nc5 Be2 79. Nd7+ Kb7 80. Ne5 Bd1 81. Nxc6 Bxa4 82. Na5+ Kb6 83. Kxd5 Kb5
84. Nc6 Bd1 85. e4 Bf3 86. Ne5 Be2 87. Ke6 Kxb4 88. d5 Kc5 89. d6 Bf1 90. d7
Bh3+ 91. Ke7 Bxd7 92. Nxd7+ Kd4 93. e5 1-0

[Event "USCL Los Angeles vs Arizona"]
[Site "Chess.com"]
[Date "2013.09.25"]
[Round "5"]
[White "Altounian, Levon"]
[Black "Harmon-Vellotti, Luke"]
[Result "1/2-1/2"]
[WhiteElo "2513"]
[BlackElo "2491"]
[PlyCount "140"]
[EventDate "2013.??.??"]
[EventCountry "USA"]

{Board 2, IM Altounian (Arizona Scorpions) vs. FM Harmon-Vellotti (Los Angeles
Vibe)  Time Control: Game in 75 with 30 second increment} 1. Nf3 Nf6 2. c4 e6
3. g3 a6 4. Bg2 b5 5. b3 Bb7 6. Nc3 b4 7. Na4 Be7 8. d4 O-O 9. O-O d6 10. Bf4
Nbd7 11. a3 a5 12. Qd3 Qc8 13. axb4 axb4 14. Nd2 Bxg2 15. Kxg2 Qb7+ 16. Qf3
Qxf3+ 17. Kxf3 Ra5 18. Nb2 Rfa8 19. Rxa5 Rxa5 20. Na4 g5 21. Be3 h6 22. h3 Nb6
23. Nxb6 cxb6 24. Rb1 Ra2 25. g4 d5 26. Rc1 Kh7 27. cxd5 Nxd5 28. Ke4 Nc3+ 29.
Kd3 f5 30. f3 Kg6 31. Bf2 f4 32. e3 fxe3 33. Bxe3 b5 34. Ne4 Nd5 35. Rc6 Kf7
36. Nd2 Ra1 37. Rc8 Re1 38. Bf2 Nf4+ 39. Kc2 Re2 40. Bg3 Nd5 41. Be5 Bf6 42.
Bxf6 Kxf6 43. Rf8+ Kg6 44. Rg8+ Kf7 45. Rh8 Kg7 46. Re8 Re3 47. Ne4 Rxf3 48.
Rxe6 Rxh3 49. Nd6 Rh2+ 50. Kc1 Rg2 51. Nf5+ Kf7 52. Rd6 Nf4 53. Nxh6+ Ke7 54.
Nf5+ Ke8 55. Nh6 Ke7 56. Nf5+ Ke8 57. Nh6 Nd3+ 58. Kd1 Nb2+ 59. Kc1 Nd3+ 60.
Kd1 Rb2 61. Rd5 Nf2+ 62. Ke1 Nd3+ 63. Kd1 Rxb3 64. Rxg5 Rb2 65. Rxb5 Nf2+ 66.
Kc1 Nd3+ 67. Kd1 b3 68. g5 Nf2+ 69. Kc1 Nd3+ 70. Kd1 Nf2+ 1/2-1/2